Top world cork producers - Statistics

General Stats
  • This quiz has been taken 255 times
    138 since last reset
  • The average score is 6 of 7
Answer Stats
Hint Answer % Correct
3400 France
95%
157000 Portugal
95%
88400 Spain
95%
17000 Italy
93%
15000 Algeria
76%
7500 Tunisia
74%
11000 Morocco
69%
No matching quizzes found
Score Distribution
Percent of People with Each Score
Percentile by Number Answered
Your Score History
You have not taken this quiz since the last reset